000 00976cam a2200277 a 4500
001 2627
005 20240105130033.0
020 _a9780545203371
020 _a9780545203388
040 _aDLC
_cDLC
_dDLC
_beng
050 0 0 _aPZ7.K633528
_bCl 2010
082 0 0 _a662
_222
100 1 _aKirby, Matthew J.
_d1976-
245 1 4 _aThe clockwork three /
_cMatthew J. Kirby
250 _aFirst Scholastic paperback printing, October 2011
260 _aNew York :
_bScholastic Press,
_c2010
300 _a391 pages :
_c22 cm
505 _aN
520 _aAs mysterious circumstances bring Giuseppe, Frederick, and Hannah together, their lives soon interlock like the turning gears in a clock and they realize that each one holds a key to solving the others' mysteries.
521 _a680
_bLexile
521 _a N
_bRaz-Plus
650 1 _aFriendship
_vFiction.
650 1 _aCooperativeness
_vFiction.
906 _a7
_bcbc
_corignew
_d1
_eecip
_f20
_gy-gencatlg
942 _2ddc
_cBK
_n0
999 _c2627
_d2627